Romológia a felsőoktatásban
Elmentve itt :
| Szerző: | |
|---|---|
| Dokumentumtípus: | Cikk |
| Megjelent: |
1998
|
| Sorozat: | Iskolakultúra
8 No. 12 |
| Online Access: | http://misc.bibl.u-szeged.hu/40662 |
| LEADER | 00550nab a2200169 i 4500 | ||
|---|---|---|---|
| 001 | misc40662 | ||
| 005 | 20191106140956.0 | ||
| 008 | 180709s1998 hu o 0|| zxx d | ||
| 022 | |a 1215-5233 | ||
| 040 | |a SZTE Miscellanea Repozitórium |b hun | ||
| 041 | |a zxx | ||
| 100 | 1 | |a Kende Ágnes | |
| 245 | 1 | 0 | |a Romológia a felsőoktatásban |h [elektronikus dokumentum] / |c Kende Ágnes |
| 260 | |c 1998 | ||
| 300 | |a 30-36 | ||
| 490 | 0 | |a Iskolakultúra |v 8 No. 12 | |
| 856 | 4 | 0 | |u http://misc.bibl.u-szeged.hu/40662/1/EPA00011_iskolakultura_1998_12_030-036.pdf |z Dokumentum-elérés |